| 000 -CABECERA |
| Longitud fija campo de control |
01291nas a2200325 a 4500 |
| 001 - NÚMERO DE CONTROL |
| Número de control |
991045914489706706 |
| 003 - IDENTIFICADOR DEL NÚMERO DE CONTROL |
| Identificador del número de control |
OSt |
| 005 - FECHA Y HORA DE LA ÚLTIMA TRANSACCIÓN |
| Fecha y hora de la última transacción |
20220208185248.0 |
| 008 - CÓDIGOS DE INFORMACIÓN DE LONGITUD FIJA |
| Códigos de información de longitud fija |
070215r20061929spc|| ||| |||o0 ||cat|c |
| 017 ## - NÚMERO DE COPYRIGHT O DE DEPÓSITO LEGAL |
| Número de copyright o de depósito legal |
DL B. 51700-2006 |
| 020 ## - NÚMERO INTERNACIONAL NORMALIZADO PARA LIBROS |
| Número Internacional Normalizado para Libros (ISBN) |
8493437085 |
| 035 ## - NÚMERO DE CONTROL DEL SISTEMA |
| Número de control del sistema |
(ES-BaCBU).b36778655 |
| 035 ## - NÚMERO DE CONTROL DEL SISTEMA |
| Número de control del sistema |
(OCoLC)803323564 |
| 040 ## - FUENTE DE LA CATALOGACIÓN |
| Centro catalogador de origen |
ES-BaCBU |
| Lengua de catalogación |
cat |
| Centro transcriptor |
CDMR |
| 080 ## - NÚMERO DE LA CLASIFICACIÓN DECIMAL UNIVERSAL |
| Número de la Clasificación Decimal Universal |
849.9(05) |
| 245 00 - MENCIÓN DE TÍTULO |
| Título |
Helix : |
| Resto del título |
Vilafranca del Penedès : 1929-1930 |
| 250 ## - MENCIÓN DE EDICIÓN |
| Mención de edición |
Ed. facsímil / a cura de Càtedra d'Art i Cultura Contemporanis de la Universitat de Girona |
| 260 ## - PUBLICACIÓN, DISTRIBUCIÓN, ETC. (PIE DE IMPRENTA) |
| Lugar de publicación, distribución, etc. |
Vilafranca del Penedès : |
| Nombre del editor, distribuidor, etc. |
Edicions i Propostes Culturals Andana, |
| Fecha de publicación, distribución, etc. |
cop. 2006 |
| 300 ## - DESCRIPCIÓN FÍSICA |
| Extensión |
118 p. : |
| Otras características físicas |
il.; |
| Dimensiones |
28 cm |
| 500 ## - NOTA GENERAL |
| Nota general |
Amb la col·laboració del Consell Comarcal Alt Penedès |
| 580 ## - NOTA DE RELACIÓN COMPLEJA |
| Nota de relación compleja |
Facsímil de la publicació en sèrie mensual "Hèlix", Vilafranca del Penedès : Impr. Claret, 1920-1930 |
| 630 07 - PUNTO DE ACCESO ADICIONAL DE MATERIA - TÍTULO UNIFORME |
| Título uniforme |
Helix (Revista) |
| Fuente del encabezamiento o término |
lemac |
| 650 #0 - PUNTO DE ACCESO ADICIONAL DE MATERIA - TÉRMINO DE MATERIA |
| Término de materia o nombre geográfico como elemento inicial |
Revistes catalanes |
| Subdivisión de materia general |
Història |
| 9 (RLIN) |
4401 |
| 710 2# - PUNTO DE ACCESO ADICIONAL - NOMBRE DE ENTIDAD |
| Nombre de entidad o nombre de jurisdicción como elemento inicial |
Universitat de Girona. |
| Unidad subordinada |
Càtedra d'Art i Cultura Contemporanis |
| 710 1# - PUNTO DE ACCESO ADICIONAL - NOMBRE DE ENTIDAD |
| Nombre de entidad o nombre de jurisdicción como elemento inicial |
Alt Penedès (Catalunya). |
| Unidad subordinada |
Consell Comarcal |
| 907 ## - ELEMENTO G DATOS LOCALES, GDL (RLIN) |
| a |
.b36778655 |
| b |
27-05-21 |
| c |
20-12-12 |
| d |
15-02-07 |
| e |
s |
| f |
b |
| g |
- |
| h |
cat |
| i |
spc |
| j |
0 |
| k |
5 |
| 908 ## - CONTROL DE PARÁMETROS (RLIN) |
| Parametro de comando lanzado |
BAB |
| -- |
UAB |
| -- |
UdG |
| -- |
URV |
| -- |
FJM |
| -- |
GEPA |
| -- |
AHCB |
| -- |
MNAC |
| 940 ## - |
| Fecha del tratado firmado |
BAB |
| -- |
MNAC |
| 942 ## - ENTRADA DE ELEMENTOS AGREGADOS (KOHA) |
| Fuente de clasificaión o esquema |
|
| Koha [por defecto] tipo de item |
Monografies |